[Event "ROM-ch"]
[Site "Targu Mures"]
[Date "2014.05.04"]
[Round "11"]
[White "Comsa, Razvan Lucian"]
[Black "Gal, Peter2222"]
[Result "1-0"]
[WhiteElo "1708"]
[BlackElo "1657"]
[PlyCount "93"]
[EventDate "2014.04.26"]
[EventType "swiss"]
[EventRounds "11"]
[EventCountry "ROU"]
[SourceTitle "CBM 160 Extra"]
[Source "ChessBase"]
[SourceDate "2014.07.01"]
[SourceVersion "1"]
[SourceVersionDate "2014.07.01"]
[SourceQuality "1"]

1. e4 c5 2. c3 g6 3. d4 cxd4 4. cxd4 Qa5+ 5. Bd2 Qb6 6. Bc3 Bg7 7. Nf3 Nf6 8. Bd3 0-0 9. 0-0 d6 10. h3 Bd7 11. a4 a6 12. Na3 d5 13. e5 Ne8 14. Nc2 Nc6 15. Ne3 e6 16. h4 f5 17. Kh1 Bh6 18. Rg1 Bxe3 19. fxe3 Ng7 20. g4 fxg4 21. Rxg4 Ne7 22. a5 Qd8 23. Bb4 Be8 24. Qe2 Kh8 25. Ng5 h6 26. Nh3 Ngf5 27. Nf4 h5 28. Rg5 Bf7 29. Bxf5 Nxf5 30. Bxf8 Qxg5 31. hxg5 Ng3+ 32. Kg2 Nxe2 33. Nxe2 Rxf8 34. Rc1 Be8 35. Nf4 Bf7 36. Rc7 Kg8 37. Rxb7 Ra8 38. Rb6 Kf8 39. Nxe6+ Ke7 40. Nf4 Rc8 41. Nxg6+ Bxg6 42. Rxg6 Rc2+ 43. Kf3 Rxb2 44. Rxa6 Rb3 45. Rh6 Ra3 46. Rxh5 Rxa5 47. Rh6 1-0

[Event "ROM-ch"]
[Site "Targu Mures"]
[Date "2014.04.29"]
[Round "5"]
[White "Comsa, Razvan Lucian"]
[Black "Toma, Mihail"]
[Result "1-0"]
[WhiteElo "1708"]
[BlackElo "1897"]
[PlyCount "73"]
[EventDate "2014.04.26"]
[EventType "swiss"]
[EventRounds "11"]
[EventCountry "ROU"]
[SourceTitle "CBM 160 Extra"]
[Source "ChessBase"]
[SourceDate "2014.07.01"]
[SourceVersion "1"]
[SourceVersionDate "2014.07.01"]
[SourceQuality "1"]

1. e4 d5 2. exd5 Qxd5 3. Nf3 Nf6 4. d4 Bf5 5. Bd3 Bg4 6. Be2 e6 7. Be3 Nbd7 8. c4 Bb4+ 9. Bd2 Bxd2+ 10. Nbxd2 Qd6 11. Qb3 b6 12. 0-0-0 a5 13. h3 a4 14. Qc3 Bf5 15. Bd3 Bxd3 16. Qxd3 0-0 17. g4 Rfb8 18. g5 Nh5 19. Ne4 Qe7 20. Rdg1 g6 21. Ng3 Nxg3 22. Rxg3 c5 23. h4 b5 24. h5 bxc4 25. Qe4 a3 26. hxg6 axb2+ 27. Kb1 fxg6 28. Rgh3 Nf8 29. Ne5 Rxa2 30. Kxa2 b1Q+ 31. Rxb1 Qa7+ 32. Ra3 Qc7 33. Rxb8 Qxb8 34. Qb1 Qd8 35. Nxc4 Qxd4 36. Qc2 e5 37. Ne3 1-0

[Event "ROM-ch"]
[Site "Targu Mures"]
[Date "2014.04.28"]
[Round "4"]
[White "Samu, Sorin Mihai"]
[Black "Comsa, Razvan Lucian"]
[Result "1-0"]
[WhiteElo "2084"]
[BlackElo "1708"]
[PlyCount "81"]
[EventDate "2014.04.26"]
[EventType "swiss"]
[EventRounds "11"]
[EventCountry "ROU"]
[SourceTitle "CBM 160 Extra"]
[Source "ChessBase"]
[SourceDate "2014.07.01"]
[SourceVersion "1"]
[SourceVersionDate "2014.07.01"]
[SourceQuality "1"]

1. c4 Nf6 2. Nc3 g6 3. e4 d6 4. d4 Bg7 5. f3 0-0 6. Be3 Nbd7 7. Qd2 c5 8. Nge2 a6 9. a4 Rb8 10. Rd1 Qc7 11. d5 Ne5 12. b3 Bd7 13. h3 Be8 14. f4 Ned7 15. g4 b5 16. g5 Nh5 17. axb5 axb5 18. Nxb5 Qb7 19. Bg2 f6 20. h4 Nb6 21. Nbc3 Bd7 22. Bf3 f5 23. Bxh5 gxh5 24. Ng3 fxe4 25. Nxh5 Bg4 26. Nxg7 Bxd1 27. Nxd1 Kxg7 28. Qc3+ Kg8 29. Rh3 Nxd5 30. cxd5 Qb4 31. Bc1 Qxc3+ 32. Rxc3 Rb5 33. Rc4 Rxb3 34. Rxe4 Rf7 35. Nf2 Kf8 36. h5 Rg3 37. Ke2 Rf5 38. Ra4 Rb3 39. Ra8+ Kg7 40. h6+ Kg6 41. Rg8+ 1-0

[Event "ROM-ch U14"]
[Site "Calimanesti"]
[Date "2014.04.13"]
[Round "9"]
[White "Stoica, Eduard Constantin"]
[Black "Comsa, Razvan Lucian"]
[Result "1/2-1/2"]
[WhiteElo "1567"]
[BlackElo "1708"]
[PlyCount "80"]
[EventDate "2014.04.06"]
[EventType "swiss"]
[EventRounds "9"]
[EventCountry "ROU"]
[SourceTitle "CBM 160 Extra"]
[Source "ChessBase"]
[SourceDate "2014.07.01"]
[SourceVersion "1"]
[SourceVersionDate "2014.07.01"]
[SourceQuality "1"]

1. c4 Nf6 2. Nc3 g6 3. Nf3 Bg7 4. g3 0-0 5. Bg2 d6 6. 0-0 a6 7. d4 Nc6 8. b3 Rb8 9. a4 e5 10. d5 Na5 11. e4 c6 12. Nd2 b5 13. axb5 cxb5 14. cxb5 axb5 15. b4 Nc4 16. Qe2 Qc7 17. Nxb5 Rxb5 18. Qxc4 Qxc4 19. Nxc4 Rxb4 20. Nxd6 Bd7 21. Ba3 Ra4 22. Bb2 Ne8 23. Rxa4 Bxa4 24. Ra1 Nxd6 25. Rxa4 Rb8 26. Ba3 Nb5 27. Be7 Bf8 28. Bxf8 Kxf8 29. Rb4 Rb7 30. Bf1 Nd6 31. Rxb7 Nxb7 32. f4 f6 33. Kf2 Ke7 34. h4 h6 35. Kf3 Nd6 36. Bd3 Kf7 37. Kg4 Kg7 38. Kf3 Kf7 39. Ke3 Ke7 40. Kd2 Kd8 1/2-1/2

[Event "ROM-ch U14"]
[Site "Calimanesti"]
[Date "2014.04.12"]
[Round "8"]
[White "Comsa, Razvan Lucian"]
[Black "Miloi, Pavel Dan"]
[Result "1/2-1/2"]
[WhiteElo "1708"]
[BlackElo "1635"]
[PlyCount "141"]
[EventDate "2014.04.06"]
[EventType "swiss"]
[EventRounds "9"]
[EventCountry "ROU"]
[SourceTitle "CBM 160 Extra"]
[Source "ChessBase"]
[SourceDate "2014.07.01"]
[SourceVersion "1"]
[SourceVersionDate "2014.07.01"]
[SourceQuality "1"]

1. e4 c5 2. c3 Nc6 3. d4 cxd4 4. cxd4 d5 5. e5 e6 6. Nf3 Nge7 7. Bd3 Ng6 8. h4 Bb4+ 9. Bd2 Qb6 10. 0-0 Bd7 11. Bxb4 Nxb4 12. Nc3 Nxd3 13. Qxd3 Rc8 14. Qd2 h6 15. Rac1 Qd8 16. h5 Nh4 17. Qf4 Nxf3+ 18. Qxf3 0-0 19. Qg3 Qb6 20. Qd3 Qxb2 21. Rc2 Qb6 22. Rb1 Qa6 23. Qxa6 bxa6 24. Rbc1 Kh7 25. Ne2 Rxc2 26. Rxc2 Rc8 27. Rxc8 Bxc8 28. f4 Bd7 29. Nc3 Bb5 30. a4 Bc4 31. a5 g6 32. g4 gxh5 33. gxh5 Kg7 34. Kf2 f6 35. Na4 f5 36. Nb2 Bb5 37. Kg3 Kf7 38. Kh4 Ke7 39. Nd1 Kd7 40. Nc3 Kc7 41. Kg3 Be8 42. Kh4 Kc6 43. Kg3 Bxh5 44. Kh4 Bf7 45. Kg3 Be8 46. Kh3 Kc7 47. Kg3 Kd8 48. Kh3 Ke7 49. Kg3 Kf7 50. Kh3 Kg6 51. Kh4 Bb5 52. Na2 Bd3 53. Nc3 Bc4 54. Nb1 Bb5 55. Nc3 Be8 56. Na2 Bd7 57. Nc3 Bb5 58. Na2 h5 59. Nc3 Kh6 60. Na2 Bc6 61. Nc3 Be8 62. Na2 Kg6 63. Nc3 Bb5 64. Na2 Bc4 65. Nc3 Bb5 66. Na2 Be8 67. Nc3 Kh6 68. Na2 Kg6 69. Nc3 Kh6 70. Na2 Kg6 71. Nc3 1/2-1/2

[Event "ROM-ch U14"]
[Site "Calimanesti"]
[Date "2014.04.11"]
[Round "7"]
[White "Ileana, George"]
[Black "Comsa, Razvan Lucian"]
[Result "1-0"]
[WhiteElo "1840"]
[BlackElo "1708"]
[PlyCount "75"]
[EventDate "2014.04.06"]
[EventType "swiss"]
[EventRounds "9"]
[EventCountry "ROU"]
[SourceTitle "CBM 160 Extra"]
[Source "ChessBase"]
[SourceDate "2014.07.01"]
[SourceVersion "1"]
[SourceVersionDate "2014.07.01"]
[SourceQuality "1"]

1. e4 e6 2. d4 d5 3. Nc3 Bb4 4. Nge2 dxe4 5. a3 Be7 6. Nxe4 Nf6 7. N2g3 b6 8. Bb5+ c6 9. Be2 Bb7 10. Bf3 Qc7 11. Nxf6+ Bxf6 12. Nh5 Nd7 13. Bf4 e5 14. Nxf6+ gxf6 15. Bg3 0-0-0 16. 0-0 Qd6 17. dxe5 Qxd1 18. Raxd1 Nxe5 19. Be4 Rxd1 20. Rxd1 Rd8 21. Rxd8+ Kxd8 22. Bxe5 fxe5 23. Bxh7 c5 24. f3 Ke7 25. Kf2 Ke6 26. Be4 Ba6 27. g4 Kf6 28. h4 Bc8 29. g5+ Kg7 30. f4 f5 31. gxf6+ Kxf6 32. Kg3 Bd7 33. h5 exf4+ 34. Kxf4 a5 35. h6 b5 36. h7 Kg7 37. Ke5 c4 38. Kd6 1-0

[Event "ROM-ch U14"]
[Site "Calimanesti"]
[Date "2014.04.08"]
[Round "3"]
[White "Cretiu, Codreanu Tudor"]
[Black "Comsa, Razvan Lucian"]
[Result "1/2-1/2"]
[WhiteElo "1428"]
[BlackElo "1708"]
[PlyCount "69"]
[EventDate "2014.04.06"]
[EventType "swiss"]
[EventRounds "9"]
[EventCountry "ROU"]
[SourceTitle "CBM 160 Extra"]
[Source "ChessBase"]
[SourceDate "2014.07.01"]
[SourceVersion "1"]
[SourceVersionDate "2014.07.01"]
[SourceQuality "1"]

1. d4 Nf6 2. Nc3 g6 3. Bg5 Bg7 4. Qd2 d6 5. 0-0-0 a6 6. e4 0-0 7. f3 b5 8. g4 Nbd7 9. h4 b4 10. Nb1 a5 11. Bh6 e5 12. d5 Ba6 13. Bxa6 Rxa6 14. h5 Qe7 15. Ne2 Rb8 16. Ng3 c5 17. Rdg1 Kh8 18. Bxg7+ Kxg7 19. hxg6 fxg6 20. Qg5 Kf8 21. Qh6+ Qg7 22. Qxg7+ Kxg7 23. Nd2 Nb6 24. g5 Ng8 25. Rg2 Ra7 26. Rgh2 Kh8 27. Nb3 Rbb7 28. Ne2 a4 29. Nd2 Rf7 30. b3 axb3 31. axb3 Ra1+ 32. Nb1 Raa7 33. Nd2 Ra1+ 34. Nb1 Raa7 35. Nd2 1/2-1/2

[Event "World Amateur-ch"]
[Site "Iasi"]
[Date "2013.04.27"]
[Round "6"]
[White "Comsa, Razvan Lucian"]
[Black "Ossa Ramirez, Jesus Antonio"]
[Result "1-0"]
[WhiteElo "1571"]
[BlackElo "1778"]
[PlyCount "41"]
[EventDate "2013.04.22"]
[EventType "swiss"]
[EventRounds "9"]
[EventCountry "ROU"]
[SourceTitle "CBM 154 Extra"]
[Source "ChessBase"]
[SourceDate "2013.06.25"]
[SourceVersion "2"]
[SourceVersionDate "2013.06.25"]
[SourceQuality "1"]

1. e4 e5 2. Nf3 Nc6 3. Bc4 Bc5 4. c3 Nf6 5. d3 h6 6. 0-0 0-0 7. Nbd2 d6 8. Re1 Na5 9. Bb5 a6 10. Ba4 b5 11. Bc2 Nc6 12. Nf1 Bg4 13. h3 Bh5 14. Ng3 Bg6 15. Qe2 Qd7 16. Nh4 Kh7 17. Nhf5 Ne7 18. Qf3 Rad8 19. Nxh6 Nxe4 20. Nxe4 gxh6 21. Nf6+ 1-0